Memoria presentada por la Junta de Gobierno á la General Ordinaria de señores socios el dia 31 de enero de 1898 / (Record no. 153138)

MARC details
000 -LEADER
campo de control de longitud fija 00807nam a22001695i 4500
001 - NÚMERO DE CONTROL
campo de control 153138
003 - IDENTIFICADOR DE NÚMERO DE CONTROL
campo de control ES-MaACL
005 - FECHA Y HORA DE LA ÚLTIMA TRANSACCIÓN
campo de control 20230906205036.0
008 - DATOS DE LONGITUD FIJA--INFORMACIÓN GENERAL
campo de control de longitud fija 040906s1898 sp |||| | spa d
040 ## - FUENTE DE CATALOGACIÓN
Centro catalogador/agencia de origen CAM
Lengua de catalogación spa
Centro/agencia transcriptor CAM
110 2# - ENTRADA PRINCIPAL--NOMBRE DE ENTIDAD CORPORATIVA
Nombre de entidad corporativa o nombre de jurisdicción como elemento de entrada Círculo de la Unión Mercantil e Industrial (Madrid)
9 (RLIN) 2827
245 10 - MENCIÓN DEL TÍTULO
Título Memoria presentada por la Junta de Gobierno á la General Ordinaria de señores socios el dia 31 de enero de 1898 /
Mención de responsabilidad, etc. Círculo de la Unión Mercantil é Industrial.
260 ## - PUBLICACIÓN, DISTRIBUCIÓN, ETC.
Lugar de publicación, distribución, etc. Madrid :
Nombre del editor, distribuidor, etc. [s.n.],
Fecha de publicación, distribución, etc. 1898 (
Fabricante Establecimiento tipolitográfico de J. Palacios)
300 ## - DESCRIPCIÓN FÍSICA
Extensión 21, [3], XLV p. ;
Dimensiones 27 cm.
610 24 - PUNTO DE ACCESO ADICIONAL DE MATERIA--NOMBRE DE ENTIDAD CORPORATIVA
Nombre de entidad corporativa o nombre de jurisdicción como elemento de entrada Círculo de la Unión Mercantil e Industrial (Madrid)-
Subdivisión de forma Memorias.
9 (RLIN) 150706
852 ## - LOCALIZACIÓN
Ubicación ES-MaACL
Número de control de estantería T-787-F-13
Nota libre -- Enc. hol., conservando la cub. original
-- -- Enc. en un vol. facticio
Holdings
Estatus retirado Estado de pérdida Estado de daño No para préstamo Colección Biblioteca de origen Biblioteca actual Ubicación en estantería Fecha de adquisición Total de préstamos Signatura topográfica completa Código de barras Visto por última vez Precio de reemplazo Tipo de ítem Koha
        Colección de folletos Biblioteca del Ateneo de Madrid Biblioteca del Ateneo de Madrid Depósito folletos 17/01/2008   T-787-F-13 1160009 23/02/2023 23/02/2023 Folleto